GETS Theological Seminary Library

別胡說八道 : (Record no. 27458)

MARC details
000 -LEADER
fixed length control field 00794nam a2200193Ia 4500
008 - FIXED-LENGTH DATA ELEMENTS--GENERAL INFORMATION
fixed length control field 200901s9999||||xx |||||||||||||| ||und||
041 ## - LANGUAGE CODE
Language code of text/sound track or separate title chi
Language code of original eng
050 ## - LIBRARY OF CONGRESS CALL NUMBER
Classification number BT1102
Item number .G74512 1980
100 ## - MAIN ENTRY--PERSONAL NAME
Personal name Green, Michael
245 #0 - TITLE STATEMENT
Title 別胡說八道 :
Remainder of title 逃避耶穌的流行藉口 = You must be joking : popular excuses for avoiding Jesus Christ /
Statement of responsibility, etc. 甘邁高 ( Michael Green) 著 ; 盧林麗娜譯
246 ## - VARYING FORM OF TITLE
Title proper/short title 別胡說八道 :
Remainder of title 逃避耶稣的流行藉口/
260 ## - PUBLICATION, DISTRIBUTION, ETC.
Place of publication, distribution, etc. 香港 :
Name of publisher, distributor, etc. 種籽出版社,
Date of publication, distribution, etc. 1980
300 ## - PHYSICAL DESCRIPTION
Extent 242 p. :
Other physical details ill. ;
Dimensions 19 cm.
500 ## - GENERAL NOTE
General note Translation of: You must be joking : popular excuses for avoiding Jesus Christ / Michael Green ; London : Hodder and Stoughton, 1976.
650 ## - SUBJECT ADDED ENTRY--TOPICAL TERM
Topical term or geographic name entry element Apologetics.
700 ## - ADDED ENTRY--PERSONAL NAME
Personal name 甘邁高
700 ## - ADDED ENTRY--PERSONAL NAME
Personal name 盧林麗娜
Holdings
Withdrawn status Lost status Damaged status Not for loan Home library Current library Shelving location Date acquired Total Checkouts Full call number Barcode Date last seen Price effective from Koha item type
        GETS Theological Seminary Library GETS Theological Seminary Library General Stacks 09/01/2020   BT1102 .G74512 1980 00014750 09/01/2020 09/01/2020 Chinese Book
OpacCredits

Contact the Librarian, GETS Library
Email: library@mygets.org









Implemented by GETS Library
(Powered by ETCA Professional Group)
GETS Theological Seminary
412 E. Rowland Street, CA 91723